000 00506nam a2200169Ia 4500
008 090711s9999 xx 000 0 und d
082 _b55423
100 _aभोगले प्रभाकर
245 _aमाझSां Sाुकलं
260 _c1987
300 _a188
600 _aभोगले प्रभाकर
630 _aमाझSां Sाुकलं
700 _aभोगले प्रभाकर
730 _aमाझSां Sाुकलं
942 _cBOOK
999 _c302864
_d302864